|
|
|
|
| LEADER |
00000cam a2200000 7i4500 |
| 001 |
0000002595 |
| 005 |
20030826.0 |
| 090 |
0 |
0 |
|a 355.0330595
|b KHA 2001
|
| 100 |
0 |
0 |
|a KHAIRUDDIN Haji Abu Bakar
|
| 245 |
1 |
0 |
|a Sejarah Kor Ordnans Diraja 1946-1998
|c oleh Kolonel Khairuddin Hj Abu Bakar
|
| 260 |
0 |
0 |
|a Kuala Lumpur :
|b [Tentera Darat Diraja Malaysia] ,
|c 2001
|
| 300 |
|
|
|a xiv, 318 p. :
|b ill. (some col.), maps ;
|c 26 cm.
|
| 650 |
0 |
0 |
|a Military history, Modern
|x 20th century
|
| 651 |
0 |
0 |
|a Malaysia
|x History, Military
|y 20th century
|
| 998 |
|
|
|a JPSM
|
| 999 |
|
|
|a 0000003799
|b Monograph
|c Open Shelf
|e Default branch
|